[Event "Caplin British Online"]
[Site "chess.com INT"]
[Date "2020.12.29"]
[Round "6.11"]
[White "Idle, Oscar"]
[Black "Blackburn, Jonathan L B"]
[Result "0-1"]
[BlackTitle "FM"]
[WhiteElo "1722"]
[BlackElo "2235"]
[WhiteFideId "439347"]
[BlackFideId "1801090"]
[EventDate "2020.12.21"]

1. d4 Nf6 2. Nf3 g6 3. c4 Bg7 4. g3 d6 5. Bg2 O-O 6. O-O Nc6 7. Nc3 a6 8. e4 Bg4
9. Be3 Nd7 10. h3 Bxf3 11. Bxf3 e5 12. d5 Nd4 13. Bg2 f5 14. f4 Qe7 15. Qd2 fxe4
16. Bxd4 exd4 17. Nxe4 h6 18. Rae1 Qf7 19. Ng5 hxg5 20. fxg5 Be5 21. Rxf7 Rxf7
22. g4 Raf8 23. Qc2 Kg7 24. Rf1 Rxf1+ 25. Bxf1 Bf4 26. Bg2 Be3+ 27. Kh1 Ne5 28.
c5 d3 29. Qb3 Bxc5 30. Qc3 Rf2 31. Be4 Rc2 32. Qb3 Rf2 33. Qxb7 Bb6 34. Qc8 d2
35. Bc2 Rf1+ 36. Kh2 Rg1 37. h4 d1=Q 38. Bxd1 Rxd1 39. Qe6 Rf1 40. h5 Rf4 41.
h6+ Kh7 42. Qe7+ Rf7 43. Qe6 Nf3+ 44. Kh1 Nxg5 45. Qe8 a5 46. a4 Rf2 47. Qe7+
Kxh6 48. Qe8 Nf3 49. Qf8+ Kg5 50. Qe7+ Kxg4 51. Qe4+ Kh5 0-1

[Event "Caplin British Online"]
[Site "chess.com INT"]
[Date "2020.12.29"]
[Round "6.12"]
[White "Balaji, Aaravamudhan"]
[Black "Arora, Tashika"]
[Result "1-0"]
[WhiteTitle "CM"]
[WhiteElo "2206"]
[BlackElo "1744"]
[WhiteFideId "436224"]
[BlackFideId "459305"]
[EventDate "2020.12.21"]

1. d4 Nf6 2. c4 g6 3. Nc3 d5 4. cxd5 Nxd5 5. e4 Nxc3 6. bxc3 Bg7 7. Be3 c5 8.
Rc1 Qa5 9. Qd2 O-O 10. Nf3 Bg4 11. d5 Nd7 12. Be2 Rfd8 13. c4 Qa3 14. O-O b6 15.
h3 Bxf3 16. Bxf3 Ne5 17. Be2 Nc6 18. Bd3 Nb4 19. Bb1 Bb2 20. Rcd1 Bc3 21. Qe2
Bb2 22. e5 Rac8 23. Bg5 Re8 24. e6 f6 25. Bh6 Kh8 26. Rfe1 Bd4 27. Qg4 Rg8 28.
d6 Nc6 29. dxe7 f5 30. Qh4 Bg7 31. Bxg7+ Rxg7 32. Rd8+ Nxd8 33. e8=Q+ Rg8 34.
Qf6# 1-0

[Event "Caplin British Online"]
[Site "chess.com INT"]
[Date "2020.12.29"]
[Round "6.14"]
[White "Finn, Peter"]
[Black "Varney, Zoe"]
[Result "0-1"]
[WhiteElo "1959"]
[BlackElo "1917"]
[WhiteFideId "432156"]
[BlackFideId "436135"]
[EventDate "2020.12.21"]

1. d4 d5 2. Nf3 Nf6 3. Bg5 e6 4. e3 Be7 5. Nbd2 Nbd7 6. Bd3 c5 7. c3 b6 8. O-O
Bb7 9. Ne5 Nxe5 10. dxe5 Nd7 11. Bxe7 Qxe7 12. f4 O-O-O 13. Nf3 f6 14. Bb5 h6
15. Qa4 Kb8 16. b4 Rhg8 17. Bxd7 Rxd7 18. bxc5 bxc5 19. Rab1 Rc7 20. Rb2 Ka8 21.
Rfb1 g5 22. exf6 Qxf6 23. Ne5 Qg7 24. g3 gxf4 25. exf4 h5 26. Kf2 h4 27. g4 Rf8
28. Ke3 Qh7 29. Qd4 cxd4+ 0-1

[Event "Caplin British Online"]
[Site "chess.com INT"]
[Date "2020.12.29"]
[Round "6.15"]
[White "Gurner, Jem"]
[Black "Shafi, Declan"]
[Result "1-0"]
[WhiteElo "1800"]
[BlackElo "2166"]
[WhiteFideId "67600280"]
[BlackFideId "2405156"]
[EventDate "2020.12.21"]

1. d4 Nf6 2. c4 e6 3. Nf3 b6 4. g3 Bb7 5. Bg2 Bb4+ 6. Bd2 Be7 7. O-O O-O 8. Nc3
c5 9. d5 exd5 10. Ne1 Na6 11. Nxd5 Nxd5 12. cxd5 d6 13. e4 Nc7 14. Nc2 f5 15.
Ne3 fxe4 16. Bxe4 Bf6 17. Qc2 h6 18. Rad1 Qd7 19. Bf5 Qe7 20. Rfe1 Bd4 21. Bc3
Bxc3 22. bxc3 Qf6 23. f4 Rae8 24. Be4 Nb5 25. a4 Nc7 26. Ng4 Qf7 27. c4 Bc8 28.
Ne3 Qf6 29. Kg2 Bd7 30. Bf3 Na6 31. Ng4 Qf7 32. Qb3 Nb4 33. Nf2 Bf5 34. Be4 Qd7
35. Re3 Bxe4+ 36. Nxe4 Re7 37. Rde1 Rfe8 38. R1e2 Kf8 39. Qd1 Qg4 40. h3 Qg6 41.
f5 Qh5 42. g4 Qh4 43. Qf1 Kg8 44. Qf4 Rd7 45. Nxd6 Rxe3 46. Rxe3 Nc2 47. Re8+
Kh7 48. Qe4 Rxd6 49. f6+ 1-0

[Event "Caplin British Online"]
[Site "chess.com INT"]
[Date "2020.12.30"]
[Round "7.1"]
[White "Fernandez, Daniel Howard"]
[Black "Adams, Michael"]
[Result "1/2-1/2"]
[WhiteTitle "GM"]
[BlackTitle "GM"]
[WhiteElo "2466"]
[BlackElo "2716"]
[WhiteFideId "5801605"]
[BlackFideId "400041"]
[EventDate "2020.12.21"]

1. d4 Nf6 2. Bf4 d5 3. e3 e6 4. Nd2 Bd6 5. Bg3 c5 6. Ngf3 O-O 7. c3 Qc7 8. Bxd6
Qxd6 9. Ne5 Nfd7 10. Ndf3 Nc6 11. Nxc6 bxc6 12. Bd3 cxd4 13. cxd4 c5 14. Qc2 h6
15. O-O c4 16. Be2 Ba6 17. Qc3 Rab8 18. Rab1 Rb6 19. Rfc1 Rfb8 20. Nd2 e5 21.
dxe5 Qxe5 22. Qxe5 Nxe5 23. f4 Nc6 24. Bf3 Rxb2 25. Rxb2 Rxb2 26. Bxd5 Rxd2 27.
Bxc6 Rxa2 28. Bd5 Ra5 29. Bxc4 Bxc4 1/2-1/2

[Event "Caplin British Online"]
[Site "chess.com INT"]
[Date "2020.12.30"]
[Round "7.2"]
[White "Turner, Matthew J"]
[Black "Ghasi, Ameet K"]
[Result "1/2-1/2"]
[WhiteTitle "GM"]
[BlackTitle "IM"]
[WhiteElo "2509"]
[BlackElo "2485"]
[WhiteFideId "402893"]
[BlackFideId "409200"]
[EventDate "2020.12.21"]

1. d4 g6 2. Nf3 d6 3. g3 Bg7 4. Bg2 Nf6 5. c4 O-O 6. O-O Nc6 7. Nc3 a6 8. Re1
Rb8 9. Rb1 Na5 10. Qd3 b5 11. cxb5 Bf5 12. e4 Nxe4 13. Nxe4 d5 14. Nh4 dxe4 15.
Bxe4 Bxe4 16. Qxe4 Rxb5 17. Qxe7 Qd5 18. Be3 Nc4 19. Ng2 Nxe3 20. Nxe3 Qxa2 21.
d5 Bd4 22. Rbd1 Qxb2 23. Qxc7 Rxd5 24. Qc2 Rc5 25. Qa4 Bxe3 26. Rxe3 Rf5 27. Rf1
a5 28. g4 Re5 29. Rfe1 Rxe3 30. Rxe3 Qb4 31. Qxb4 axb4 32. Rb3 Rb8 33. f4 Kf8
34. Kf2 Ke7 35. Ke3 Kd6 36. Kd4 Kc6 37. Kc4 Re8 38. Rf3 Re4+ 39. Kb3 Kb5 40. g5
Kc5 41. f5 Rh4 42. h3 Rc4 43. f6 Re4 44. Rd3 Rf4 45. Rd7 Rf3+ 46. Kb2 Rf2+ 47.
Kb3 Rf3+ 48. Kb2 Rf2+ 49. Kb3 Rf3+ 1/2-1/2

[Event "Caplin British Online"]
[Site "chess.com INT"]
[Date "2020.12.30"]
[Round "7.3"]
[White "Toczek, Grzegorz"]
[Black "Wadsworth, Matthew J"]
[Result "0-1"]
[WhiteTitle "FM"]
[BlackTitle "IM"]
[WhiteElo "2271"]
[BlackElo "2416"]
[WhiteFideId "1106457"]
[BlackFideId "415804"]
[EventDate "2020.12.21"]

1. d4 d5 2. c4 c6 3. cxd5 cxd5 4. Nc3 Nf6 5. Bf4 Nc6 6. e3 a6 7. Bd3 e6 8. Nf3
Bd6 9. Bxd6 Qxd6 10. O-O b5 11. e4 dxe4 12. Nxe4 Nxe4 13. Bxe4 Bb7 14. Qe2 O-O
15. Rfd1 Na5 16. Rac1 Rad8 17. Rc5 Bxe4 18. Qxe4 Qxc5 19. dxc5 Rxd1+ 20. Ne1
Rfd8 21. g3 Nc4 22. Kg2 R1d5 23. b4 a5 24. bxa5 Rxc5 25. Nd3 Nd6 26. Qh4 Rcc8
27. a6 Nf5 28. Qe4 Rd4 29. Qb7 Nd6 30. Qd7 Rxd3 31. a4 bxa4 32. a7 Rdc3 33. Qxd6
Ra8 34. Qb6 Rcc8 35. Qa5 a3 36. Qxa3 Rc7 37. h4 Rcxa7 38. Qb3 h5 39. Qf3 g6 40.
Qb3 Ra5 41. Qc4 Rf5 42. Qb3 Raa5 43. Qc4 Rac5 44. Qb3 Kh7 45. Kg1 Rf6 46. Qb2
Rf3 47. g4 hxg4 48. h5 Rxh5 49. Kg2 Rhf5 50. Kh1 g3 51. Kg1 gxf2+ 52. Kf1 Rg3 0-1

[Event "Caplin British Online"]
[Site "chess.com INT"]
[Date "2020.12.30"]
[Round "7.4"]
[White "Lalic, Bogdan"]
[Black "Ismail, Mohammed Aayan"]
[Result "1/2-1/2"]
[WhiteTitle "GM"]
[WhiteElo "2402"]
[BlackElo "1719"]
[WhiteFideId "409081"]
[BlackFideId "465135"]
[EventDate "2020.12.21"]

1. d4 Nf6 2. Nf3 e6 3. g3 b6 4. Bg2 Bb7 5. c4 Bb4+ 6. Bd2 Bxd2+ 7. Qxd2 O-O 8.
Nc3 Ne4 9. Nxe4 Bxe4 10. Qf4 f5 11. O-O d6 12. c5 Nc6 13. cxd6 cxd6 14. Rac1 Nb4
15. Qd2 Nd5 16. Ne1 Bxg2 17. Nxg2 Qd7 18. Nf4 Nxf4 19. Qxf4 Rac8 20. e4 fxe4 21.
Qxe4 d5 22. Qe5 Rxc1 23. Rxc1 Rc8 1/2-1/2

[Event "Caplin British Online"]
[Site "chess.com INT"]
[Date "2020.12.30"]
[Round "7.5"]
[White "Villiers, Thomas"]
[Black "Cox, Tristan A"]
[Result "0-1"]
[WhiteTitle "CM"]
[WhiteElo "2161"]
[BlackElo "2141"]
[WhiteFideId "427209"]
[BlackFideId "410772"]
[EventDate "2020.12.21"]

1. c4 e6 2. Nc3 d5 3. e3 Nf6 4. Nf3 b6 5. b3 Bb7 6. Bb2 Nbd7 7. Be2 Bd6 8. cxd5
exd5 9. Nb5 Be7 10. Nbd4 c6 11. O-O g6 12. Rc1 Rc8 13. Ng5 O-O 14. f4 c5 15. Nf5
gxf5 16. Bd3 d4 17. Bxf5 h6 18. Nh7 Nxh7 19. Qg4+ Kh8 20. Bxd7 Rg8 21. Bxc8 Rxg4
22. Bxg4 Bf6 23. Bf3 Bxf3 24. Rxf3 dxe3 25. Bxf6+ Nxf6 26. dxe3 Ne4 27. f5 f6
28. Rff1 Qd2 29. Rce1 b5 30. Kh1 c4 31. bxc4 bxc4 32. Rb1 c3 33. Rb8+ Kg7 34.
Rfb1 Nd6 35. Ra8 c2 36. Rxa7+ Nf7 0-1

[Event "Caplin British Online"]
[Site "chess.com INT"]
[Date "2020.12.30"]
[Round "7.7"]
[White "Grieve, Harry"]
[Black "Volovich, Julia"]
[Result "1-0"]
[WhiteTitle "FM"]
[WhiteElo "2351"]
[BlackElo "1674"]
[WhiteFideId "426520"]
[BlackFideId "447099"]
[EventDate "2020.12.21"]

1. e4 e6 2. d4 d5 3. Nd2 c5 4. exd5 exd5 5. Ngf3 Nf6 6. Bb5+ Bd7 7. Be2 Nc6 8.
O-O cxd4 9. Nb3 Bd6 10. Bg5 O-O 11. Nbxd4 a6 12. c3 Re8 13. Bh4 Bg4 14. Qd3 Re4
15. Bg3 Nh5 16. Bxd6 Qxd6 17. Ng5 Nxd4 18. Bxg4 Rxg4 19. Qxh7+ Kf8 20. Qxh5 Ne2+
21. Kh1 Qf4 22. Nh3 Qc4 23. Qh8+ Ke7 24. Qxa8 Rxg2 25. Qxb7+ Kf6 26. Qb6+ Kf5
27. Qe3 Qg4 28. Rg1 Nxg1 29. Rxg1 Rxg1+ 30. Nxg1 Qc4 31. b3 Qe4+ 32. Qxe4+ Kxe4
33. Ne2 Kf3 34. c4 1-0

[Event "Caplin British Online"]
[Site "chess.com INT"]
[Date "2020.12.30"]
[Round "7.10"]
[White "Hebden, Mark L"]
[Black "Goss, Alex"]
[Result "1-0"]
[WhiteTitle "GM"]
[WhiteElo "2453"]
[BlackElo "1833"]
[WhiteFideId "400084"]
[BlackFideId "2509407"]
[EventDate "2020.12.21"]

1. d4 Nf6 2. Nc3 d5 3. Bf4 c5 4. e3 a6 5. dxc5 Nc6 6. a3 e5 7. Bg5 d4 8. exd4
exd4 9. Ne4 Qd5 10. Nxf6+ gxf6 11. Bxf6 Rg8 12. Nf3 Bxc5 13. Bh4 Bg4 14. Be2 Qe4
15. Bg3 O-O-O 16. O-O f5 17. Bd3 Qd5 18. Kh1 f4 19. Bh4 Rde8 20. h3 Bh5 21. c4
dxc3 22. Bxh7 Bxf3 23. Qxf3 Qxf3 24. gxf3 cxb2 25. Rab1 Rh8 26. Bf5+ Kb8 27. Bg5
Ref8 28. Bg4 Rhg8 29. h4 Bxa3 30. Rfd1 Ne5 31. Rd4 b5 32. Rxf4 Nxg4 33. fxg4 Kb7
34. Rxf8 Rxf8 35. Kg2 Kc6 36. h5 Kd5 37. h6 Kc4 38. h7 Kb3 39. Bf6 Kc2 40. Rxb2+
Bxb2 41. Bxb2 Kxb2 42. g5 a5 43. g6 a4 44. g7 Re8 45. h8=Q Rxh8 46. gxh8=Q+ Kb1
47. Qc3 Ka2 48. Kf1 a3 49. Ke2 1-0

[Event "Caplin British Online"]
[Site "chess.com INT"]
[Date "2020.12.30"]
[Round "7.12"]
[White "Shearsby, Jude"]
[Black "Stubbs, Oliver"]
[Result "0-1"]
[WhiteElo "1673"]
[BlackElo "1905"]
[WhiteFideId "462527"]
[BlackFideId "441325"]
[EventDate "2020.12.21"]

1. d4 Nf6 2. Bf4 g6 3. Nc3 d5 4. e3 Bg7 5. h4 h5 6. Nf3 O-O 7. Ne5 c5 8. Qd2 Nc6
9. O-O-O cxd4 10. exd4 Bf5 11. Nxc6 bxc6 12. f3 c5 13. Be5 c4 14. Be2 a5 15.
Rdg1 a4 16. Bxf6 Bxf6 17. g4 hxg4 18. fxg4 Be4 19. Nxe4 dxe4 20. c3 a3 21. Bxc4
axb2+ 22. Qxb2 Qc7 23. Bd5 Ra5 24. Bb3 Bxd4 25. Rf1 Rc5 26. Qe2 Rxc3+ 27. Kb1
Rxb3+ 28. axb3 Qc3 29. Rh3 Qxh3 30. Qc4 Qc3 31. Qxc3 Bxc3 32. Rf4 f5 33. h5 e5
34. Rf1 e3 35. Kc2 e2 0-1

[Event "Caplin British Online"]
[Site "chess.com INT"]
[Date "2020.12.30"]
[Round "7.14"]
[White "Shafi, Declan"]
[Black "Finn, Peter"]
[Result "1-0"]
[WhiteElo "2166"]
[BlackElo "1959"]
[WhiteFideId "2405156"]
[BlackFideId "432156"]
[EventDate "2020.12.21"]

1. d4 e6 2. Nf3 d5 3. e3 Nf6 4. Bd3 Be7 5. O-O O-O 6. Nbd2 b6 7. Ne5 c5 8. b3
Qc7 9. Bb2 Bd6 10. f4 Bb7 11. c4 dxc4 12. Ndxc4 Be7 13. Rc1 Qd8 14. Qe2 cxd4 15.
Bxd4 Nbd7 16. f5 Nc5 17. Bb1 exf5 18. Rxf5 Ne6 19. Bb2 b5 20. Rd1 Qc7 21. Nd2 a6
22. Rdf1 Rad8 23. Rxf6 Bxf6 24. Rxf6 Rxd2 25. Qxd2 gxf6 26. Nd7 Rd8 27. Nxf6+
Kf8 28. Nxh7+ Ke8 29. Qe1 Qd6 30. Nf6+ Ke7 31. Ne4 Bxe4 32. Bxe4 Qd1 33. Ba3+
Kf6 34. Kf1 Ng5 35. Bb7 Qc2 36. Qf2+ Qxf2+ 37. Kxf2 Rd2+ 38. Kg3 Rxa2 39. Bb4
Ne6 40. h4 Kg6 41. Kf3 Kh5 42. Be1 Ra1 43. g4+ Kg6 44. Bc3 Rh1 45. Be4+ Kh6 46.
Kg3 Rg1+ 47. Bg2 Rc1 48. Be5 Rc5 49. g5+ Kh7 50. Be4+ Kg8 51. Bf6 Ng7 52. Kg4 a5
53. h5 Nxh5 54. Kxh5 a4 55. Bd4 Rc1 56. bxa4 bxa4 57. Kg4 a3 58. Bd5 Rc8 59. Kf5
Rd8 60. e4 Kf8 61. Bc5+ Ke8 62. Bc6+ 1-0

[Event "Caplin British Online"]
[Site "chess.com INT"]
[Date "2021.01.02"]
[Round "8.1"]
[White "Adams, Michael"]
[Black "Wadsworth, Matthew J"]
[Result "1/2-1/2"]
[WhiteTitle "GM"]
[BlackTitle "IM"]
[WhiteElo "2716"]
[BlackElo "2416"]
[WhiteFideId "400041"]
[BlackFideId "415804"]
[EventDate "2020.12.21"]

1. e4 c5 2. Nf3 e6 3. b3 d5 4. exd5 exd5 5. Bb5+ Nc6 6. O-O Bd6 7. Bb2 Ne7 8.
Bxg7 Rg8 9. Be5 Bg4 10. Bg3 Qc7 11. Nc3 O-O-O 12. Bxc6 Qxc6 13. d4 cxd4 14. Ne2
Bxf3 15. gxf3 Bc5 16. Qd2 h5 17. Kh1 Ng6 18. Qg5 h4 19. Bxh4 Qe6 20. Nf4 Nxf4
21. Qxf4 Bd6 22. Qxd4 Qf5 23. Qc3+ Kb8 24. Bg3 Qh5 25. Rg1 Rh8 26. Rg2 Rh6 27.
Re1 Rc8 28. Qb4 Bxg3 29. fxg3 Qxf3 30. Kg1 Rf6 31. Qd4 a6 32. Qe3 Qxe3+ 33. Rxe3
Rfc6 34. Ree2 d4 35. Rgf2 R8c7 36. Rd2 Rd6 37. Kg2 Kc8 38. Rf4 Rcd7 39. h4 Kd8
40. Kh3 Ke8 41. h5 Kf8 42. Kh4 Kg7 43. g4 f6 44. Re4 Rd5 45. Rde2 Kf7 46. Re8 d3
47. cxd3 Rxd3 48. Rh8 Kg7 49. Rhe8 Kf7 50. Rh8 Kg7 51. Ree8 Rd1 52. h6+ Kf7 53.
Ref8+ Ke6 54. Re8+ Kf7 55. Re3 Rh1+ 56. Rh3 Rxh3+ 57. Kxh3 Kg6 58. Rf8 Rd3+ 59.
Kh4 Rd2 60. a4 Rh2+ 61. Kg3 Rb2 62. h7 Rxb3+ 63. Kh4 Kxh7 64. Rxf6 Rb4 65. Kh5
Rxa4 66. Rf7+ Kg8 67. Rxb7 Rc4 68. Rb6 a5 69. Ra6 a4 70. g5 Rc7 71. Rxa4 Rc6 72.
Ra7 Rb6 73. Re7 Ra6 74. Kg4 Ra4+ 75. Kf5 Ra6 76. Re6 Rxe6 77. Kxe6 Kg7 78. Kf5
Kf7 79. g6+ Kg7 80. Kg5 Kg8 81. Kf6 Kf8 82. g7+ Kg8 83. Kg6 1/2-1/2

[Event "Caplin British Online"]
[Site "chess.com INT"]
[Date "2021.01.02"]
[Round "8.2"]
[White "Grieve, Harry"]
[Black "Turner, Matthew J"]
[Result "1/2-1/2"]
[WhiteTitle "FM"]
[BlackTitle "GM"]
[WhiteElo "2351"]
[BlackElo "2509"]
[WhiteFideId "426520"]
[BlackFideId "402893"]
[EventDate "2020.12.21"]

1. e4 e5 2. Nf3 Nc6 3. d4 exd4 4. Nxd4 d6 5. Nxc6 bxc6 6. Bd3 Nf6 7. O-O Be7 8.
Nd2 O-O 9. b3 Nd7 10. Bb2 Bf6 11. Bxf6 Qxf6 1/2-1/2

[Event "Caplin British Online"]
[Site "chess.com INT"]
[Date "2021.01.02"]
[Round "8.3"]
[White "Ghasi, Ameet K"]
[Black "Cox, Tristan A"]
[Result "1-0"]
[WhiteTitle "IM"]
[WhiteElo "2485"]
[BlackElo "2141"]
[WhiteFideId "409200"]
[BlackFideId "410772"]
[EventDate "2020.12.21"]

1. Nf3 d5 2. c4 e6 3. g3 Nf6 4. Bg2 Be7 5. O-O O-O 6. b3 b6 7. Bb2 c5 8. e3 Bb7
9. Qe2 Qc8 10. Rc1 dxc4 11. bxc4 Nc6 12. Nc3 Rd8 13. d3 Nd7 14. Ne4 h6 15. g4 f5
16. gxf5 exf5 17. Ng3 Nf6 18. Bh3 Ng4 19. Ne1 g6 20. f3 Nge5 21. d4 cxd4 22.
exd4 Nf7 23. d5 Bc5+ 24. Kh1 Na5 25. Nd3 Re8 26. Qd2 Bf8 27. Qc3 Qxc4 28. Qf6 1-0

[Event "Caplin British Online"]
[Site "chess.com INT"]
[Date "2021.01.02"]
[Round "8.8"]
[White "Varney, Zoe"]
[Black "Hebden, Mark L"]
[Result "0-1"]
[BlackTitle "GM"]
[WhiteElo "1917"]
[BlackElo "2453"]
[WhiteFideId "436135"]
[BlackFideId "400084"]
[EventDate "2020.12.21"]

1. e4 e5 2. Nf3 Nc6 3. Bc4 Nf6 4. Ng5 d5 5. exd5 Na5 6. Bb5+ Bd7 7. Qe2 Be7 8.
Nc3 O-O 9. Nf3 Bxb5 10. Qxb5 c6 11. dxc6 Nxc6 12. d3 a6 13. Qa4 b5 14. Qh4 Rc8
15. Be3 Nd5 16. Bg5 f6 17. Bd2 Ndb4 18. Rc1 Nd4 19. Kd1 Nbxc2 20. Nxd4 Nxd4 21.
Qe4 Kh8 22. f4 f5 23. Qxe5 Bf6 24. Qe3 Re8 25. Qh3 b4 26. Nb1 Rxc1+ 27. Bxc1 Qc7 0-1

[Event "Caplin British Online"]
[Site "chess.com INT"]
[Date "2021.01.02"]
[Round "8.9"]
[White "Toma, Katarzyna"]
[Black "Gurner, Jem"]
[Result "1/2-1/2"]
[WhiteTitle "WGM"]
[WhiteElo "2289"]
[BlackElo "1800"]
[WhiteFideId "1119907"]
[BlackFideId "67600280"]
[EventDate "2020.12.21"]

1. e4 g6 2. d4 Bg7 3. Nf3 d6 4. c3 Nf6 5. Qc2 O-O 6. Be2 Bg4 7. O-O c6 8. Be3
Qc7 9. h3 Bxf3 10. Bxf3 e5 11. dxe5 dxe5 12. a4 Nbd7 13. Rd1 Rfe8 14. Na3 Bf8
15. Rd2 Nc5 16. Rad1 Ne6 17. Nc4 b6 18. b4 Rad8 19. Rxd8 Rxd8 20. Rxd8 Nxd8 21.
Qd3 Be7 22. Bd1 Ne6 23. g3 Qd7 24. Qxd7 Nxd7 25. Bg4 Nef8 26. h4 f6 27. Bd1 Kf7
28. Bb3 Ke8 29. Nb2 Kd8 30. Nd3 Kc7 31. f4 exf4 32. Bxf4+ Bd6 33. Kf2 Ne5 34.
Ke3 Nxd3 35. Kxd3 Bxf4 36. gxf4 Kd6 37. Ke3 h6 38. Kf3 Nd7 39. Bf7 g5 40. h5 Ke7
41. Bb3 c5 42. Kg4 gxf4 43. Kxf4 Ne5 44. Bd5 cxb4 45. cxb4 Kf8 46. Kf5 Kg7 47.
a5 Nd3 48. axb6 axb6 49. b5 Nc5 50. Bc4 Nd7 51. Ke6 Nc5+ 52. Kd5 Kf8 53. Be2 Ke7
54. Bg4 Na4 55. Kc6 Kf7 56. Bd1 Nc3 57. Bc2 Ke6 58. Kxb6 Ke5 59. Kc6 Nxb5 60.
Kxb5 Kf4 61. Kc5 Kg5 62. Kd5 Kxh5 63. Ke6 Kg5 64. Bd1 Kf4 65. Kd5 Ke3 66. Bg4
Kf4 67. Bh5 Kg5 68. Ke6 Kf4 69. Kd5 Ke3 70. Bg6 Kf4 71. Kd4 Kg5 72. Bf5 Kf4 73.
Bh3 h5 74. Bg2 h4 75. Kd5 Kg3 76. Bf1 Kf2 77. Bh3 Kg3 78. Bf5 Kf4 79. Bd7 Kf3
80. Bc8 Kf4 81. Bf5 Ke3 82. Bd7 Kf4 83. Kd4 Kf3 84. Kd3 Kf4 85. Bf5 Kf3 86. Bh3
Kg3 87. Bf5 1/2-1/2

[Event "Caplin British Online"]
[Site "chess.com INT"]
[Date "2021.01.02"]
[Round "8.15"]
[White "Finn, Peter"]
[Black "Arora, Tashika"]
[Result "1-0"]
[WhiteElo "1959"]
[BlackElo "1744"]
[WhiteFideId "432156"]
[BlackFideId "459305"]
[EventDate "2020.12.21"]

1. d4 Nf6 2. Nf3 d5 3. Bg5 Ne4 4. Bh4 g6 5. e3 Bg7 6. Nbd2 c5 7. c3 cxd4 8. Nxe4
dxe4 9. Nxd4 O-O 10. Qc2 Qc7 11. Qxe4 e5 12. Nb5 Qb6 13. O-O-O Bf5 14. Qa4 Bd7
15. Qb3 a6 16. Nd6 Qxb3 17. axb3 Nc6 18. Nxb7 Bf5 19. Nd6 Be6 20. Bc4 Bxc4 21.
Nxc4 Rab8 22. Kc2 a5 23. Ra1 Rb5 24. Ra4 Rfb8 25. Rd1 Bf8 26. Rd7 Rc8 27. Nd6
Bxd6 28. Rxd6 Rb6 29. Rc4 Nb4+ 30. Kb1 Rxc4 31. Rd8+ Kg7 32. bxc4 Na6 33. Rd5 a4
34. Ra5 Rc6 35. Rxa4 Nc5 36. Ra5 e4 37. b4 Nb3 38. Rd5 Rxc4 39. Kb2 Nc1 40. Kxc1
Rxc3+ 41. Kb2 Rc6 42. Rd4 Re6 43. b5 Rb6 44. Rb4 f5 45. Kc3 Kf7 46. Kd4 Ke6 47.
Kc5 Rb8 48. Kc6 Rc8+ 49. Kb7 Rf8 50. Ka6 Ra8+ 51. Kb7 Rf8 52. Ka7 Rf7+ 53. Ka6
Rf8 54. b6 Ra8+ 55. Kb7 Ra1 56. Rd4 Ra2 57. Kb8 Ra1 58. b7 Rc1 59. Ka7 Ra1+ 60.
Kb6 Rb1+ 61. Ka6 Ra1+ 62. Kb5 Rb1+ 63. Rb4 Rxb4+ 64. Kxb4 Kd7 65. b8=Q Ke6 66.
Qe8+ Kd6 67. Bf6 h6 68. Qe5+ Kd7 69. Kc5 h5 70. Qe7+ Kc8 71. Kc6 h4 72. Qd8# 1-0

[Event "Caplin British Online"]
[Site "chess.com INT"]
[Date "2021.01.02"]
[Round "8.6"]
[White "Blackburn, Jonathan L B"]
[Black "Tanmay, Chopra"]
[Result "0-1"]
[WhiteTitle "FM"]
[WhiteElo "2235"]
[BlackElo "2273"]
[WhiteFideId "1801090"]
[BlackFideId "25630946"]
[EventDate "2020.12.21"]

1. d4 Nf6 2. c4 e6 3. Nc3 Bb4 4. Qb3 Nc6 5. e3 O-O 6. Bd3 d6 7. Ne2 e5 8. d5
Bxc3+ 9. Qxc3 Ne7 10. Ng3 c6 11. dxc6 bxc6 12. O-O h5 13. e4 h4 14. Ne2 h3 15.
f4 hxg2 16. Kxg2 Nd7 17. f5 f6 18. Be3 Rf7 19. Qa3 Qc7 20. Ng3 Bb7 21. Rac1 c5
22. h4 Nc6 23. Kf2 Kf8 24. Rg1 Ke7 25. Nh5 Rh8 26. Nxg7 Rxh4 27. Ne6 Qa5 28. Rg8
Qxa3 29. bxa3 Rh2+ 30. Rg2 Rxg2+ 31. Kxg2 Nb6 32. Rb1 Nd8 33. Nxc5 dxc5 34.
Bxc5+ Kd7 35. Bxb6 axb6 36. Rxb6 Kc7 37. c5 Rd7 38. Bb5 Bxe4+ 39. Kf2 Bc6 40. a4
Rd2+ 41. Ke3 Rxa2 42. Ra6 Ra3+ 43. Kd2 Bxb5 44. Rxf6 Rxa4 45. Rh6 Rf4 46. f6 Bd7
47. Rh5 Nf7 48. Rh7 Rxf6 0-1

[Event "Caplin British Online"]
[Site "chess.com INT"]
[Date "2021.01.02"]
[Round "8.5"]
[White "O'Gorman, Tom"]
[Black "Lalic, Bogdan"]
[Result "1/2-1/2"]
[WhiteTitle "FM"]
[BlackTitle "GM"]
[WhiteElo "2368"]
[BlackElo "2402"]
[WhiteFideId "2508249"]
[BlackFideId "409081"]
[EventDate "2020.12.21"]

1. d4 Nf6 2. Nf3 e6 3. Bg5 h6 4. Bh4 d6 5. Nbd2 Nbd7 6. e4 g5 7. Bg3 Nh5 8. Bd3
Bg7 9. c3 Qe7 10. Qc2 Nxg3 11. hxg3 c5 12. Nc4 g4 13. e5 dxe5 14. Nfxe5 cxd4 15.
cxd4 Nf6 16. Ne3 Qb4+ 17. Qd2 Qxd2+ 18. Kxd2 h5 19. Rac1 O-O 20. Rc7 Rd8 21.
Nxf7 Rxd4 22. Rhc1 Ne8 23. Rxc8 Rxc8 24. Nh6+ Bxh6 25. Rxc8 Kf7 26. Rc5 Nf6 27.
Rc7+ Rd7 28. Rxd7+ Nxd7 1/2-1/2